000 00339 a2200157 4500
001 56668
020 _a853224291X
040 _cAnchieta - Pituba
100 _aSantos, Ilsa Lima Monteiro
240 1 0 _aDonos das ruas
_lpor
245 1 0 _aDonos das ruas
300 _a112
362 0 _a1999
650 4 _aLiteratura juvenil
942 _cBK
999 _c56668
_d56668